期刊信息 |
| 索取号 |
C5/HEB
|
| 题名 |
哈尔滨师范大学社会科学学报
|
| 作者 |
《哈尔滨师范大学社会科学学报》编辑部
|
| 分册号 |
|
| 分册名 |
|
| 出版地 |
哈尔滨
|
| 出版者 |
该刊编辑部
|
| 标准刊号 |
2095-0292
|
| 出版频率 |
双月刊
|
| 中图法分类 |
C5
|
| 主题词 |
社会科学 丛书; 社会科学 文集; 社会科学 连续出版物
|
| 电子资源 | |
| |
|
| 000 | 01207nas0 2200313 45 | |
| 001 | 1196061464 | |
| 005 | 20120530145506.46 | |
| 011 | @a2095-0292@dCNY10.00(2011) | |
| 091 | @aCN23-1567/C | |
| 092 | @aCN@b14-121 | |
| 100 | @a20110530a19859999k y0chiy0110 eb | |
| 101 | 0 | @achi |
| 102 | @aCN@b230000 | |
| 110 | @aahaz 0yy0 | |
| 200 | 1 | @a哈尔滨师范大学社会科学学报@d=Journal of social science of Harbin Normal University@f《哈尔滨师范大学社会科学学报》编辑部@F《Ha Er Bin Shi Fan Da Xue She Hui Ke Xue Xue Bao》Bian Ji Bu@zeng@AHa Er Bin Shi Fan Da Xue She Hui Ke Xue Xue Bao |
| 207 | 0 | @a2010,no.1(2010,1)~=总1~;V.1,no.1(2010,01) |
| 210 | @a哈尔滨@b黑龙江省哈尔滨市南岗和兴路50号@c该刊编辑部 | |
| 215 | @d26cm | |
| 326 | @a双月刊 | |
| 430 | 1 | @12001 @a哈尔滨师范学院学报@i社会科学版@1210 @d1980~84 |
| 510 | 1 | @aJournal of social science of Harbin Normal University@zeng |
| 606 | 0 | @a社会科学@x丛书 |
| 606 | 0 | @a社会科学@x文集 |
| 606 | 0 | @a社会科学@x连续出版物 |
| 690 | @aC5@v4 | |
| 711 | 02 | @a哈尔滨师范大学@4主办 |
| 711 | 02 | @a《哈尔滨师范大学社会科学学报》编辑部@A《Ha Er Bin Shi Fan Da Xue She Hui Ke Xue Xue Bao》Bian Ji Bu |
| 801 | @aCN@bPFT@c20120530 | |
| 905 | @dC5@eHEB | |
| 哈尔滨师范大学社会科学学报=Journal of social science of Harbin Normal University/《哈尔滨师范大学社会科学学报》编辑部.-2010,no.1(2010,1)~=总1~;V.1,no.1(2010,01).-哈尔滨(黑龙江省哈尔滨市南岗和兴路50号):该刊编辑部 |
| 26cm |
| 继承: |
| ISSN 2095-0292:CNY10.00(2011) |
| ● |
| 相关链接: |
|
|
|
|